000 00530nam a2200193Ia 4500
005 20250508160749.0
008 008 250505s9999 xx 000 0 eng d
037 _aTextual
040 _aFEDL
_beng
_cFEDL
041 _aeng
_2eng
084 _a371.2, DAV
_qFEDL
100 _aDavies T I
_9769317
245 0 _aSchool organisation : A new synthesis
260 _aOxford
_bPergamon Press
_c1969
300 _a241p.
650 _aSchool Administration
942 _cTEXL
_h371.2, DAV
999 _c1366481
_d1366481